Quiz sur le Samoa - Statistiques

Statistiques générales
  • Ce quiz a été pris 2 994 fois
  • Le résultat moyen est 10 sur 18
Statistiques - réponses
Question Réponse % Correct
Langues officielles Anglais
94%
Région d'Océanie à laquelle le Samoa appartient {Poly}nésie
83%
22% de la population du Samoa est morte durant cette pandémie en 1918-1919, il s'agit peut-être du pays le plus touché au monde Grippe {Espagnole}
80%
Pays qui contrôle encore l'autre moitié de l'archipel Etats-Unis
76%
Sport le plus populaire Rugby
73%
Pays auquel le Samoa appartenait ensuite, jusqu'en 1962 Nouvelle-Zélande
67%
Religion pratiquée par 98% des samoans Christianisme
65%
On trouve sur le corps des hommes samoans des pe'a, tandis que les femmes arborent des mula : il s'agit de... Tatouages
65%
Pays qui a colonisé le Samoa entre 1900 et 1914 Allemagne
58%
Traditionnellement, les maisons samoanes n'ont pas de... Murs
58%
Langues officielles Samoan
57%
Capitale et plus grande ville Apia
55%
Constellation qui figure sur le drapeau du Samoa Croix du Sud
31%
Écrivain écossais, célèbre pour L'Île au Trésor et L'Étrange Cas du docteur Jekyll et de M. Hyde qui a vécu au Samoa Robert Louis Stevenson
31%
Pays qui possédait l'archipel des Samoa de 950 à 1300 environ Empire Tuʻi Tonga
30%
Nom du Samoa indépendant, avant le changement de nom en 1997 Samoa {Occidentales}
26%
Devise monétaire actuelle Tala
12%
Tubercule comestible qui était le principal produit d'exportation du Samoa jusqu'à l'épidémie de 1994 qui a touché ces plantes Taro
11%
Aucun quiz correspondant
Distribution des résultats
% des personnes avec chaque résultat
Percentile par nombre de réponses
Votre historique - résultats
Vous n’avez pas pris ce quiz